000 00586nam a22002537a 4500
003 UA-OsUOA
001 26443
007 ta
008 20040602b un ||||| |||| 00| 0 ukr d
100 _aКоноплева Н.П.
700 _aПопов В.Н.
090 _a539
_bК64
942 _cBK
040 _aUA-OsUOA
_brus
_cUA-OsUOA
_dUA-OsUOA
245 _aКалибровочные поля
300 _a240 с.
955 _a0
041 _arus
080 _a539
260 _aМосква
_bАтомиздат
_c1980
044 _aRU
650 7 _2UDC
999 _c312766
_d312766